Aportes para una educación evangelizadora
Uloženo v:
| Hlavní autor: | |
|---|---|
| Médium: | Kniha |
| Jazyk: | španělština |
| Vydáno: |
Santiago
Vicaría para la Educación
1989
|
| Témata: | |
| Tagy: |
Přidat tag
Žádné tagy, Buďte první, kdo vytvoří štítek k tomuto záznamu!
|
MARC
| LEADER | 00000nam a2200000 a 4500 | ||
|---|---|---|---|
| 001 | UCY3643 | ||
| 003 | CL-VaPUC | ||
| 008 | 950111e19890000CL |||||||||||||||||spa|d | ||
| 082 | 0 | 4 | |a 377 |b HUI |2 21 |
| 100 | |a Huidobro Martínez, Faustino |e author |9 331998 | ||
| 245 | 1 | 0 | |a Aportes para una educación evangelizadora |
| 300 | |a 193 p | ||
| 942 | |c BK | ||
| 945 | |d 19950111 00:00:00 |a rbrito | ||
| 260 | |a Santiago |b Vicaría para la Educación |c 1989 | ||
| 650 | 0 | |a Educación Católica |9 308272 | |
| 650 | 0 | |a Educación moral |9 308319 | |
| 583 | |a last modification |c 19950111 00:00:00 |k Rodrigo Vera | ||
| 999 | |c 231722 |d 231720 | ||
| 952 | |0 0 |1 0 |4 0 |6 377_000000000000000_HUI_1989 |7 0 |8 P |9 235313 |a BIBEDU |b BIBEDU |c BIBEDU_PB |d 2019-11-15 |i 3036014 |o 377 HUI 1989 |p 3036014 |r 2024-01-25 |w 2019-11-15 |y BK |k EDU | ||
| 952 | |0 0 |1 0 |4 0 |6 377_000000000000000_HUI_1989 |7 0 |8 A |9 235314 |a BIBTEO |b BIBTEO |d 2019-11-15 |i 3084604 |o 377 HUI 1989 |p 3084604 |r 2025-01-17 |w 2019-11-15 |y BK |k ICR | ||
| 952 | |0 0 |1 0 |4 0 |6 377_000000000000000_HUI_1989 |7 0 |8 A |9 235315 |a BIBHIS |b BIBHIS |d 2019-11-15 |i 3119165 |o 377 HUI 1989 |p 3119165 |r 2025-01-20 |w 2019-11-15 |y BK |k HIS | ||
| 952 | |0 0 |1 0 |4 0 |6 377_000000000000000_HUI_1989 |7 0 |8 P |9 235316 |a BIBEDU |b BIBEDU |c BIBEDU_PB |d 2019-11-15 |i 4080750 |o 377 HUI 1989 |p 4080750 |r 2024-01-25 |w 2019-11-15 |y BK |k EBA | ||
| 952 | |0 0 |1 0 |4 0 |6 377_000000000000000_HUI_1989 |7 0 |8 P |9 235317 |a BIBEDU |b BIBEDU |c BIBEDU_PB |d 2019-11-15 |i 4614518 |o 377 HUI 1989 |p 4614518 |r 2024-01-25 |w 2019-11-15 |y BK |k EPE | ||